[Event "Sibiria Region-chT"]
[Site "Kemerovo"]
[Date "2007.12.10"]
[Round "4"]
[White "Mikhalchenko, Petr"]
[Black "Kirilov, Michael"]
[Result "1-0"]
[WhiteElo "2286"]
[BlackElo "2282"]
[PlyCount "49"]
[EventDate "2007.12.07"]
[EventType "team-tourn"]
[EventRounds "7"]
[EventCountry "RUS"]
[SourceTitle "CBM 122 Extra"]
[Source "ChessBase"]
[SourceDate "2008.03.04"]
[SourceVersion "1"]
[SourceVersionDate "2008.03.04"]
[SourceQuality "1"]

1. d4 Nf6 2. Nf3 c5 3. e3 e6 4. b3 b6 5. Bb2 Bb7 6. Bd3 cxd4 7. exd4 Be7 8. Nbd2 Nc6 9. a3 Qc7 10. 0-0 0-0 11. Re1 Rac8 12. Rc1 d6 13. c4 Nb8 14. Qe2 Nbd7 15. Rc3 Qb8 16. Ng5 d5 17. Ndf3 dxc4 18. bxc4 h6 19. Nh3 Rfe8 20. Ne5 Qd6 21. Bb1 Nxe5 22. dxe5 Qc6 23. Rg3 Nd7 24. Qh5 Kf8 25. Bc1 1-0